LIBRARY & INFORMATION CENTRE, KCAET, TAVANUR

ONLINE PUBLIC ACCESS CATALOGUE (OPAC)

Design and development of a tractor drawn multi crop precision planter / (Record no. 19045)

MARC details
000 -LEADER
fixed length control field 00418nam a2200145 4500
003 - CONTROL NUMBER IDENTIFIER
control field OSt
082 ## - DEWEY DECIMAL CLASSIFICATION NUMBER
Classification number 631.3
Item number RED/DE
088 ## - REPORT NUMBER
Report number T561
100 ## - MAIN ENTRY--AUTHOR NAME
Personal name Reddy, Venkata
245 ## - TITLE STATEMENT
Title Design and development of a tractor drawn multi crop precision planter /
260 ## - PUBLICATION, DISTRIBUTION, ETC. (IMPRINT)
Place of publication Tavanur :
Name of publisher Department of Farm Machinery and Power Engineering,
Year of publication 2022.
500 ## - GENERAL NOTE
General note PhD Thesis
700 ## - ADDED ENTRY--PERSONAL NAME
Personal name Mathew, Manoj
942 ## - ADDED ENTRY ELEMENTS (KOHA)
Koha item type Theses
Holdings
Home library Current library Full call number Accession Number Koha item type Public note
KAUAET KAUAET 631.3 RED/DE T 561 Theses PhD Thesis
free website counter